Los conocí de cerca: memorias de una embajadora

Saved in:
Bibliografiske detaljer
Hovedforfatter: Cerruti, Elisabetta (Author)
Format: Bog
Sprog:spansk
Udgivet: Barcelona Luis de Caralt 1952
Fag:
Tags: Tilføj Tag
Ingen Tags, Vær først til at tagge denne postø!

MARC

LEADER 00000nam a2200000 a 4500
001 UCQ7351
003 CL-VaPUC
008 981107e19520000SP |||||||||||||||||spa|d
082 0 4 |a 823.2  |b CER  |2 21 
100 0 |a Cerruti, Elisabetta  |e author  |9 421215 
245 1 4 |a Los conocí de cerca: memorias de una embajadora 
300 |a 292 p 
942 |c BK 
945 |d 19981107 00:00:00  |a crobeson 
260 |a Barcelona  |b Luis de Caralt  |c 1952 
650 7 |a MEMORIAS  |2 CL-VaPUC  |9 269159 
650 0 |a Autobiografías   |9 265171 
650 7 |a DIPLOMATICOS  |2 CL-VaPUC  |9 268888 
583 |a last modification  |c 19981107 00:00:00  |k Rodrigo Vera 
999 |c 277028  |d 277026 
952 |0 0  |1 0  |4 0  |6 823_200000000000000_CER_1952  |7 0  |8 A  |9 314742  |a BIBEDU  |b BIBEDU  |d 2019-11-20  |i 1487892  |o 823.2 CER 1952  |p 1487892  |r 2019-11-20  |w 2019-11-20  |y BK  |k LIT